| 000 | 00403cam a2200157ua 4500 | ||
|---|---|---|---|
| 041 |
_aeng _h |
||
| 082 |
_a828.09 _bCOP/ME |
||
| 100 | _aCope, Jackson I . | ||
| 245 |
_aMetaphoric structureof paradise lost / _cJackson I Cope. _hTextual Documents |
||
| 250 |
_a1 / _b. |
||
| 260 |
_aBaltimore : _bJohn hopking press , _c1962. |
||
| 300 | _a182 ; . | ||
| 504 | _a | ||
| 942 | _cBK | ||
| 999 |
_c2946 _d2946 |
||